| 000 | 00665nam a22001577a 4500 | ||
|---|---|---|---|
| 003 | OSt | ||
| 005 | 20150923161018.0 | ||
| 008 | 150923b xxu||||| |||| 00| 0 eng d | ||
| 040 | _cRUA | ||
| 082 | _aAGR PHA 2011 B049 Or.1 | ||
| 100 |
_91215 _aPHAN, SOHPEAP. |
||
| 245 | _aCamparison of different substat ingredient for straw mushroom ការប្រៀបធៀបសមាសភាពផ្សំសម្រាប់ធ្វើចាហួយ និងសមាសភាពផ្សេងៗគ្នាលើការបណ្តុះផ្សិតចំបើង | ||
| 260 |
_aPhnom Penh _bRUA _c2011 |
||
| 300 |
_aix, 35p. _bill. _c29cm. |
||
| 942 |
_2ddc _cAGR |
||
| 999 |
_c1159 _d1159 |
||